01010nam a2200241Ia 4500003000900000008004100009020001800050040001600068080002200084111006400106245020900170260005800379300001600437490003400453650001700487700002900504700003200533700003200565710004800597942000700645999001700652952009900669IN-BaIIA211028s9999 xx 000 0 eng d a1-886733-68-6 cIIA Library a082.2:52bASP-148 aInternational Conference OriginscUSd1997 May 19-23922949 0aOriginsbproceedings of the International conference held in Ester Park, Colorado, US, 19-23 May 1997cedited by C. E. Woodward, J. M. Shull and H. A. Thronson  aCaliforniabAstronomical Society of the Pacificc1998 axxii, 482p. aASP conference series; v. 148 aOrigin95840 aShull, J. M., ed.922950 aThronson, H. A., ed.916729 aWoodward, C. E., ed.922951 aAstronomical Society of the Pacific 91154 cBK c13039d13039 00104070aBANbBANcGENd1999-06-30l0o082.2:52/ ASP-148p13956r2021-11-05w1999-06-30yBK